University Home | Library Home | Institutional Repository

Missions on a colonial frontier west of Lake Victoria; evangelical missions in north-west Tanganyika to 1932. (Record no. 153942)

MARC details
000 -LEADER
fixed length control field 00846cam2a220024100 4500
001 - CONTROL NUMBER
control field lce00625422
008 - FIXED-LENGTH DATA ELEMENTS--GENERAL INFORMATION
fixed length control field 700608s1965 sw b b 000 0 eng
010 ## - LIBRARY OF CONGRESS CONTROL NUMBER
LC control number 68001433
035 ## - SYSTEM CONTROL NUMBER
System control number (Sirsi) r101168
035 ## - SYSTEM CONTROL NUMBER
System control number (DLC) 68001433
035 ## - SYSTEM CONTROL NUMBER
System control number (UPRA)lce00625422
043 ## - GEOGRAPHIC AREA CODE
Geographic area code f-tz---
050 0# - LIBRARY OF CONGRESS CALL NUMBER
Classification number BV3625.T3
Item number H4
100 1# - MAIN ENTRY--PERSONAL NAME
Personal name Hellberg, Carl-J.
Linkage A59272.1
245 10 - TITLE STATEMENT
Title Missions on a colonial frontier west of Lake Victoria; evangelical missions in north-west Tanganyika to 1932.
260 ## - PUBLICATION, DISTRIBUTION, ETC.
Place of publication, distribution, etc. [Lund,
Name of publisher, distributor, etc. Distributed by] Gleerups
Date of publication, distribution, etc. [1965]
440 #0 - SERIES STATEMENT/ADDED ENTRY--TITLE
Title Studia missionalia Upsaliensia ;
Volume/sequential designation 6
Linkage S8061.1
504 ## - BIBLIOGRAPHY, ETC. NOTE
Bibliography, etc. note Bibliography: p. [236]-249.
504 ## - BIBLIOGRAPHY, ETC. NOTE
Bibliography, etc. note Bibliographical footnotes.
650 #0 - SUBJECT ADDED ENTRY--TOPICAL TERM
Topical term or geographic name entry element Missions -- Tanganyika.
Geographic subdivision Missions -- Tanganyika.
Linkage S45675.1
949 ## - LOCAL PROCESSING INFORMATION (OCLC)
a BV3625.T3
w lcc
i -144120
m MAIN
t BOOK
l ON-SHELF

No items available.

© 2026 - The University of Zambia Library - Koha v25.11